Communication in business : strategies and skills /
| Main Author: | |
|---|---|
| Format: | Book |
| Published: |
Sydney:
Prentice-Hall of Australia,
1999.
|
| Subjects: |
| LEADER | 00527cam a2200181 7i4500 | ||
|---|---|---|---|
| 001 | 0000021482 | ||
| 005 | 20151104090000.0 | ||
| 005 | ##20151104124000.0 | ||
| 003 | ##MY-KlINT | ||
| 020 | # | # | |a 0724802851 |
| 039 | # | 9 | |y 201511041240 |z VLOAD |
| 090 | 0 | 0 | |a E 658.45 |b DWY |
| 100 | 1 | # | |a Dwyer, Judith |
| 245 | 1 | 0 | |a Communication in business : |b strategies and skills / |c Judith Dwyer. |
| 260 | # | # | |a Sydney: |b Prentice-Hall of Australia, |c 1999. |
| 300 | # | # | |a 499 p.. |
| 500 | # | # | |a Includes bibliography reference and index |
| 650 | # | 0 | |a Business communication |